| 000 | 01430cam a2200241 4500 | ||
|---|---|---|---|
| 001 | ABS65639 | ||
| 008 | 020618n2002 000 0 eng u | ||
| 035 | _a(Sirsi) u118433 | ||
| 245 | _aSkinns v Greenwood | ||
| 260 | _c2002 | ||
| 490 |
_aEstates Gazette _v[2002] 22 EG 137-139(3) |
||
| 520 | _aCA 27 March 2002. During the 1960s, the appellant tenant and her husband were granted , by S's parents, a lease of a house for a term of 90 years. S's brother was the landlord and the lease provided that on the death of the last persons comprising the tenant, their executors could serve notice to determine the tenancy by giving not less than one month's notice. In 1996 S's father died and G became the landlord. In 1998 S claimed the right to enfranchise under the Leasehold Reform Act 1967. G disputed that right, arguing that the lease was not a long tenancy within the meaning of the Act. S appealed against a decision of Highes J, who had allowed G's appeal from the decision of the county court judge. "Held" the appeal was dismissed. | ||
| 590 | _aABS | ||
| 650 | _aSKINNS V GREENWOOD | ||
| 650 | _aLONG TENANCIES | ||
| 650 | _aLEASEHOLD REFORM ACT 1967 S3(1B) | ||
| 650 | _aLEASEHOLD REFORM ACT 1967 S1(1) | ||
| 650 | _aLEASEHOLD REFORM ACT 1967 S1AA | ||
| 650 | _aLEASEHOLD ENFRANCHISEMENT | ||
| 650 | _aNOTICE OF DETERMINATION | ||
| 690 | _aLANDLORD AND TENANT-RESIDENTIAL TENANCIES-CASE LAW | ||
| 942 | _n0 | ||
| 999 |
_c70493 _d70493 |
||